| 000 | 01071nam a22003377a 4500 | ||
|---|---|---|---|
| 001 | 0001156 | ||
| 003 | KOHA_MİRAKIL | ||
| 005 | 20260207001232.0 | ||
| 007 | ta | ||
| 008 | 081212b2008 tu |||gr||||#||||0|tur | | ||
| 020 |
_a9752974813 _cYTL16,690000000000001 |
||
| 040 |
_aTR-BiSEU _btur _cTR-BiSEU _erda |
||
| 041 | 0 | _atur | |
| 044 | _ctu | ||
| 050 |
_aTK7825 _b.T84 2008 |
||
| 100 | 1 | _aTugay, Güçlü. | |
| 245 | 1 |
_aHerkes için eletronik hobi/ _cGüçlü Tugay ; Güçlü Tugay; editör Selçuk Tüzel. |
|
| 264 | 1 |
_aİstanbul : _bAlfa Yayınları _c2008 |
|
| 300 | _aVII,[5],246 sayfa: resimli | ||
| 336 |
_ametin _btxt _2rdacontent |
||
| 337 |
_aaracısız _bn _2rdamedia |
||
| 338 |
_acilt _bnc _2rdacarrier |
||
| 490 | 1 |
_aAlfa Yayınları ; _v1461. |
|
| 490 | 1 |
_aBilgisayar Dizisi ; _v292 |
|
| 500 | _aKaynakça ve dizin var. | ||
| 650 | 0 |
_aElektronik--Amatör el kitapları. _93810 |
|
| 650 | 0 |
_aElectronics--Amateurs' manuals. _93811 |
|
| 830 | 1 |
_aAlfa Yayınları ; _v1461. _94057 |
|
| 830 | 1 |
_aBilgisayar Dizisi ; _v292 _92740 |
|
| 942 |
_2lcc _cBK |
||
| 999 |
_c1151 _d1151 |
||